| 000 | 01176cam a22003373a 4500 | ||
|---|---|---|---|
| 001 | 6324203 | ||
| 003 | ARRUPE | ||
| 005 | 20141114105755.0 | ||
| 008 | 071026s2007 enk b 001 0aeng d | ||
| 020 | _a9780281059454 | ||
| 020 | _a0281059454 | ||
| 035 | _a(OCoLC)ocn156806450 | ||
| 035 | _a(OCoLC)156806450 | ||
| 035 | _a(NNC)6324203 | ||
| 040 |
_aBTCTA _cBTCTA _dBAKER _dBWK _dBWE |
||
| 090 |
_aBV835 _b.D58 2007 |
||
| 100 | 1 |
_aDominian, Jack, _d1929-2014. _912622 |
|
| 245 | 1 | 0 |
_aBeing Jack Dominian : _breflections on marriage, sex and love / _cJack Dominian. |
| 260 |
_aLondon : _bSPCK, _cc2007. |
||
| 300 |
_axvii, 185 p. ; _c22 cm. |
||
| 500 | _aAutobiographical and other writings, some previously published. | ||
| 504 | _aIncludes bibliographical references (p. 176-177) and index. | ||
| 600 | 1 | 0 |
_aDominian, Jack, _d1929-2014. _912623 |
| 610 | 2 | 0 |
_aCatholic Church _xDoctrines. _912624 |
| 650 | 0 |
_aMarriage _xReligious aspects _xChristianity. _94421 |
|
| 650 | 0 |
_aSex _xReligious aspects _xChristianity. _912625 |
|
| 650 | 0 |
_aLove _xReligious aspects _xChristianity. _912626 |
|
| 942 |
_2lcc _cMONOGRAPH |
||
| 948 | 1 |
_a20071211 _bc _cas2107 _dMPS |
|
| 999 |
_c121242 _d121242 |
||